Normal view
MARC view
- Politics of Social Choice
Entry Topical Term
001 - CONTROL NUMBER
- control field: 113524
003 - CONTROL NUMBER IDENTIFIER
- control field: NUST
005 - DATE AND TIME OF LATEST TRANSACTION
- control field: 20230711111021.0
008 - FIXED-LENGTH DATA ELEMENTS
- fixed length control field: 230711|| aca||aabn | a|a d
040 ## - CATALOGING SOURCE
- Original cataloging agency: NUST
- Transcribing agency: NUST
150 ## - HEADING--TOPICAL TERM
- Topical term or geographic name entry element: Politics of Social Choice
670 ## - SOURCE DATA FOUND
- Source citation: Work cat.: (NUST): Heidenheimer, Arnold J. 113523, Comparative Public Policy :, 1996
